Villes du Championnat d'Europe de football 2000 - Statistiques

Statistiques générales
  • Ce quiz a été pris 16 fois
  • Le résultat moyen est 6 sur 8
Statistiques - réponses
Par images Réponse % Correct
Amsterdam
93%
Bruxelles
93%
Eindhoven
93%
Rotterdam
93%
Bruges
80%
Liège
67%
Charleroi
53%
Arnhem
27%
Aucun quiz correspondant
Distribution des résultats
% des personnes avec chaque résultat
Percentile par nombre de réponses
Votre historique - résultats
Vous n’avez pas pris ce quiz